Ahvenanmaan kunnat - Statistics

Yleistilastot
  • Tätä visaa on pelattu 80 kertaa
  • Keskiarvotulos 13 / 16
Vastaustilastot
Kuntamuoto Nimi % Oikein
maakunnan pääkaupunki Maarianhamina
98%
kunta Eckerö
89%
kunta Geta
87%
kunta Brändö
85%
kunta Hammarland
85%
kunta Föglö
81%
kunta Lemland
81%
kunta Sottunga
81%
kunta Sund
81%
kunta Finström
79%
kunta Jomala
79%
kunta Kökar
79%
kunta Vårdö
79%
kunta Lumparland
77%
kunta Kumlinge
74%
kunta Saltvik
74%
Ehtoja vastaavia visoja ei löytynyt
Tulosjakauma
Jokaisen tuloksen saaneiden osuus
Persentiili vastausten määrän mukaan
Tuloshistoriasi
Et ole pelannut tätä visaa